| 000 | 00673nam a22001817a 4500 | ||
|---|---|---|---|
| 999 |
_c59705 _d59705 |
||
| 003 | Ge_BSU | ||
| 005 | 20230404122817.0 | ||
| 008 | 230404s1987 ge ||||| |||| 00| 0 geo d | ||
| 041 | _ageo | ||
| 080 | _a78 ხ-97 | ||
| 100 |
_aხუჭუა, პავლე _917468 |
||
| 245 |
_aმუსიკის სამყარო / _cპავლე ხუჭუა; რედ.: ი. ურუშაძე. |
||
| 264 |
_aთბილისი: _bგანათლება, _c1987. |
||
| 300 |
_a222გვ.; _b20 სმ. |
||
| 653 | _aმუსიკის სამყაო | ||
| 700 |
_aურუშაძე, ი. _eრედაქტორი _94680 |
||
| 942 |
_2udc _cBK |
||